000 00315nam a22001457a 4500
020 _a978-81-26-41908-1
082 _a894.812.3
_bMUK/E
100 _aMUKUNDAN, M
245 _aANTE PREEYAPPETTA KATHAKAL
260 _aKOTTAYAM
_bDC BOOKS
_c2017
300 _a125
520 _aNOVEL
650 _aNOVEL
942 _cBK
999 _c5074
_d5074